000 00385 a2200157 4500
001 192951
020 _a978-85-16-09124-8
040 _cMagnum
100 _aChild, Lauren
240 1 0 _aRuby redfort: respire pela Ășltima vez
_lpor
245 1 0 _aRuby redfort: respire pela Ășltima vez
300 _a392
362 0 _a2013
697 _aLITERATURA JUVENIL ESTRANGEIRA
942 _cBK
999 _c192951
_d192951